000 00431nam a2200193Ia 4500
999 _c12448
_d12448
003 0100
005 20170301084615.0
008 130303s9999 xx 000 0 und d
020 _a0670886106
040 _cARRUPELIB
050 _aBR65.A94W55 1999
100 _aWills, Garry
_929147
245 _aSaint Augustine
245 _ba penguin life
260 _aNew York
260 _bPenguin Group
300 _axx
300 _b 152p. 20cm.
600 _aAugustine, st.
_913740
942 _2lcc
_cMONOGRAPH